000 00546nam a22001817a 4500
005 20230404164543.0
008 230404b |||||||| |||| 00| 0 eng d
020 _a9781292101767
040 _cChuka University Library
050 _aQA 76.5
_b.B 795 2016
100 _aBryant, Randal E. O'Hallaron, David R.
_99516
245 _aComputer Systems, A programmer's Perspective/
250 _a3rd ed.
260 _aEssex, England
_bPearson Education Limited
_c2016
300 _a1120p.
650 _aComputer Systems
_99517
942 _2lcc
_cBK
_n0
999 _c14137
_d14137